000
00244nam a2200109Ia 4500
008
240625s9999 xx 000 0 und d
041
_a
eng
082
_a
658.1511 SHA
100
_a
SHAH PARESH
245
_a
MANAGEMENT ACCOUNTING
260
_c
2009
999
_c
34468
_d
34468